000 03175nam a22003497a 4500
003 OSt
005 20240515203125.0
008 240508b ||||| |||| 00| 0 eng d
040 _bEnglish.
_cCvSU-CCAT Campus Library.
_erda.
050 _aUM QA 76.59
_bN39 2014
100 _aNaz, Arnelyn M., author.
_912465
245 _aDevelopment of nutrient analyzer with daily meal guide mobile application for android phones /
_cArnelyn M. Naz, May Ann R. Pascua, and Jamille Anne T. Villena.
260 _aRosario, Cavite :
_bCavite State University-CCAT Campus,
_c2014.
300 _axix, 185 leaves :
_billustrations ;
_c28 cm
500 _aA Project Design (BSInfoTech) -- Cavite State University-CCAT Campus, 2014.
504 _aIncludes bibliographical references and appendices.
520 _aNAZ, ARNELYN M., PASCUA, MAY ANN R. AND VILLENA, JAMILLE ANNE T. DEVELOPMENT OF NUTRIENT ANALYZER WITH DAILY MEAL GUIDE ANDROID APPLICATION FOR MOBILE PHONES. A Project Design. Bachelor of Science in Information Technology Cavite State University-Rosario, Rosario, Cavite. April 2014 Adviser Christopher G. Estonilo. The study was conducted from June 2013 to January 2014 in the Cavite State University Rosario Campus, Rosario, Cavite. Specifically, the study aimed to: I calculate the nutrients gained by the user. 2. guide the user by having nutritional tips and guidelines, 3. list different foods and its nutritional facts. The Nutrient Analyzer with Daily Meal Guide Android Application for Mobile Phones was developed especially for the people with sedentary lifestyles, those are the people whose activity requires minimal effort in their work (eg. teachers, students, etc) The application intended to guide them to achieve a right and healthy living. The Iterative Model was used as a guide during the development of the system. Planning, requirements, analysis and design, testing, deployment and evaluation are the stages included in the Iterative Model. The following software's were used to develop the system. Android Developer Tool Eclipse is used in coding the application. Adobe Photoshop for graphic needs and lastly, Microsoft Word and Visio would be also use for the documentation of the study. The system was evaluated by Android Phone Users. The contents used in the evaluation were functionality, content, reliability, availability, maintainability and saleability Results showed that the system achieved an "Outstanding" rating and majority of the participants found that the system was outstanding.
546 _aIn English text.
650 _aNutrition analyzes.
_912754
650 _aNutrition apps.
_912755
650 _aMobile phone.
_911397
650 _aAndroid application.
_99685
650 _aMeal guide.
_912756
650 _aMobile applications.
_911872
650 _aMobile Technology.
_912757
700 _aPascua, May Ann R., author.
_912466
700 _aVillena, Jamille Anne T., author.
_912467
700 _aEstonilo, Christopher G., adviser.
_95822
700 _aManero, Ailyn L., technical critic.
_912401
942 _2lcc
_cT/M/D
_hQA 76.59 N39 2014
_kUM
999 _c3405
_d3405